000 00879cam a2200241 4500
001 WB3610-54
008 000000n2000 000 0 eng u
035 _a(Sirsi) u104695
245 _aNew valuation standards
260 _c2000
490 _aCSM
_bChartered Surveyor Monthly
_vMarch 2000, 21(1)
520 _aOutlines the changes introduced by Amendment 12 to the Red Book which was issued at the beginning of March. The new guidance is of relevance to those carrying out valuations for company accounts.
590 _aWB
650 _aRICS APPRAISAL AND VALUATION MANUAL
650 _aAPPRAISAL AND VALUATION MANUAL
650 _aValuation
_96273
650 _aCOMPANY ACCOUNTS
650 _aACCOUNTING STANDARDS BOARD
650 _aFINANCIAL REPORTING STANDARDS
650 _aAMENDMENT 12
690 _aPROPERTY-PROPERTY APPRAISAL AND VALUATION
942 _n0
999 _c62814
_d62814